LEADER 01538nam a2200337 u 4500 001 000000062587 003 CaOOAMICUS 005 20141105103711.0 008 011003s1995 it u000 u ita u 020 $a8871197968 035 $a10905104 040 $aPUL$bita 100 1 $aGatto, Ludovico.$0(OLS)http://pul/name/5513 245 10$aViaggio intorno al concetto di medioevo :$bprofilo di storia della storiografia medievale /$cLudovico Gatto ; con uno scritto introduttivo postumo di Raffaello Morghen. 250 $a4a ed. riv. e aggiornata. 260 $aRoma :$bBulzoni,$cc1995. 300 $a390 p.$c21 cm 490 1 $aBiblioteca di cultura ;$v454 500 $a"Indice dei nomi": p. 369-390. 504 $aBibliografia in nota. 650 4$aStoriografia medievale.$0(OLS)http://pul/subject/6044 650 4$aMedioevo$xStoriografia.$0(OLS)http://pul/subject/16455 700 1 $aMorghen, Raffaello,$d1896-1983.$0(OLS)http://pul/name/4542 830 0$aBiblioteca di cultura (Bulzoni) ;$v454.$0(OLS)http://pul/title/15140 850 $aPUL 852 $aPUL$W1$xDP2 Filosofia 3$y112$m940. 1 GATLU 1$j175883$nBK-PRI$b $qDDC 21$B81347$CPULBib$Z2$F81347 $H85495 $81 941 1 $a9 961 $aPrecedente collocazione: Teo 178 996 $6020$a8871197968$9(OLS)http://pul/number/81204 996 $6245$aViaggio intorno al concetto di medioevo :$bprofilo di storia della storiografia medievale$9(OLS)http://pul/title/38983 996 $6260$aRoma :$bBulzoni$9(OLS)http://pul/publisher/48135 LEADER 01193nam a2200277 a 4500 001 000000165588 003 CaOOAMICUS 005 20180131092823.0 008 180131s1981 it u000 u ita r 032 $aLibriCat 040 $aPUL$bita 100 1 $aArrigoni, Ermanno.$0(OLS)http://pul/name/106718 245 10$aAlle radici della secolarizzazione :$bla teologia di Gogarten /$cErmanno Arrigoni. 260 $aTorino :$bMarietti,$c1981. 300 $a150 p. ;$c24 cm. 490 1 $aCollana teologica 502 $aEstratto da tesi. Facoltà Teologica dell'Italia Settentrionale. 1975. 504 $aBibliografia in nota. 600 14$aGogarten, Friedrich,$d1887-1967$xCritica e interpretazione.$0(OLS)http://pul/subject/22760 830 0$aCollana teologica (Marietti).$0(OLS)http://pul/title/12304 850 $aPUL 852 $aPUL$W1$xDP1 Tesi Varie$y51$mTH VAR 167$j189900$qTesi$B192928$CPULBib$Z2$F192928 $H49532 $81 941 1 $a16 996 $6245$aAlle radici della secolarizzazione :$bla teologia di Gogarten$9(OLS)http://pul/title/205270 996 $6260$aTorino :$bMarietti$9(OLS)http://pul/publisher/48186